Electrical and electronic devices, circuits and materials : design and applications
Saved in:
| Format: | Bog |
|---|---|
| Sprog: | engelsk |
| Udgivet: |
CRC Press
2021
|
| Tags: |
Tilføj Tag
Ingen Tags, Vær først til at tagge denne postø!
|
MARC
| LEADER | 00000nam a22000007a 4500 | ||
|---|---|---|---|
| 008 | 240717b |||||||| |||| 00| 0 eng d | ||
| 020 | |a 9780367564261 | ||
| 245 | |a Electrical and electronic devices, circuits and materials : design and applications |c / edited by Suman Lata Tripathi, Parvej Ahmad Alvi, Umashankar Subramaniam. |g xviii, 388p: ill | ||
| 250 | |c Tripathi, Suman Lata, | ||
| 250 | |c Subramaniam, Umashankar, | ||
| 250 | |c .Alvi, Parvej Ahmad | ||
| 260 | |b CRC Press |c 2021 |h Boca Raton, FL |i 702451 |i 702452 |l TK7870.El2 |m Electronic apparatus and appliances. |m Electric apparatus and appliance |m Electronic circuits |m Electronic circuits. Electronics--Materials. | ||
| 500 | |a Includes bibliographical references and index. | ||
| 942 | |a lcc |c BK |e Johnson |f 17/07/24 | ||
| 952 | |0 0 |1 0 |2 lcc |4 0 |6 TK7870 E L2 |7 0 |9 5402 |a TL |b HOL |c QZ |d 2024-07-17 |l 0 |o TK7870.El2 |p 2024-0643 |r 2024-07-17 00:00:00 |t 702451 |w 2024-07-17 |y BK | ||
| 952 | |0 0 |1 0 |2 lcc |4 0 |6 TK7870 E L2 |7 0 |9 5403 |a HOL |b HOL |c QZ |d 2024-07-17 |l 0 |o TK7870.El2 |p 2024-0644 |r 2024-07-17 00:00:00 |t 702452 |w 2024-07-17 |y BK | ||
| 999 | |c 2672 |d 2672 | ||